| 000 | 00444nam a2200157 i 4500 | ||
|---|---|---|---|
| 001 | 49960 | ||
| 003 | ES-MaACL | ||
| 005 | 20230906162107.0 | ||
| 007 | t| | ||
| 008 | 030728s1970 sp ||||1| spa d | ||
| 100 | 1 |
_aCrespo, Pedro. _941529 |
|
| 245 | 1 | 0 |
_aMatrimonio, sus gracias y sus "desgracias" / _cPilar Crespo de Arillo. |
| 260 |
_aMadrid : _bEuroamérica, _c[1970] |
||
| 300 |
_a528 p. ; _c19 cm. |
||
| 852 |
_aES-MaACL _jC-49630 _bR.76375 |
||
| 999 |
_c49960 _d49960 |
||